| 000 | 01017nam a22002417a 4500 | ||
|---|---|---|---|
| 005 | 20260324140751.0 | ||
| 008 | 260324b ||||| |||| 00| 0 eng d | ||
| 020 | _a9781621532477 | ||
| 040 |
_aCO-BoUCM _bIngles _cStefania Borbon _dStefania Borbon |
||
| 041 | _aeng | ||
| 100 |
_aMillman, Debbie _9188360 |
||
| 245 |
_aBrand thinking and other noble pursuits _cDebbie Millman |
||
| 260 |
_aNew York _bAllworth Press _c2013 |
||
| 300 | _avii, 330 páginas | ||
| 504 | _aIncluye referencias bibliográficas e índices | ||
| 520 | _aEntrevistas con 22 de los pensadores más influyentes del mundo sobre el proceso de creación de marcas y su impacto en la sociedad, incluyendo a figuras como Malcolm Gladwell, Seth Godin y Milton Glaser | ||
| 650 |
_aBranding (Marketing) _941063 |
||
| 650 |
_aIdentidad corporativa _9188361 |
||
| 650 |
_aComportamiento del consumidor _911290 |
||
| 700 |
_aWalker, Rob _eprólogo _9183745 |
||
| 942 |
_2DEWEY _a16 _cLIBRO _e1 _h658.827 _mM655 |
||
| 999 |
_c326188 _d326188 |
||